000 00999cam a2200373 4500
001 E09702
008 000000n2000 000 0 eng u
035 _a(Sirsi) u109541
041 _aeng
050 _a630
110 _aCollege of Estate Management
_9400
245 _aRural notes : an annual guide to the latest issues affecting Chartered Surveyors and APC candidates in rural practice.
260 _aReading
_bCollege of Estate Management
_c2000
350 _a16.00
650 _aAGRICULTURAL LAW
650 _aAPC
_96216
650 _aCAP
650 _aCONSERVATION GRANTS
650 _aCONTAMINATED LAND
650 _aCOUNTRYSIDE
650 _aFARM BUILDINGS
650 _aFARMING
650 _aFIELD SPORTS
650 _aFORESTRY
650 _aGRANTS
650 _aJOINT VENTURES
650 _aPLANNING
650 _aRECREATIONAL LAND
650 _aRURAL AREAS
650 _aTAXATION
650 _aWASTE CONTROL
690 _aRURAL PRACTICE
942 _n0
999 _c100948
_d100948